00708cam a22002174a 450000100090000000300040000900500170001300800410003001000170007102000250008804000180011305000240013108200180015524501200017325000290029326000640032230000210038650400410040765000250044870000170047315674889OSt20220227223328.0090326s2009 miu b 000 0 eng  a 2009012339 a9780825441660 (pbk.) aDLCcDLCdDLC00aPN6084.O3bS67 200900a081222bZ94B04aThe speaker's quote book :bover 5,000 illustrations and quotations for all occasions /c[compiled by] Roy B. Zuck. aRevised and expanded ed. aGrand Rapids, MI :bKregel Academic & Professional,cc2009. a560 p. ;c23 cm. aIncludes bibliographical references. 0aQuotations, English.1 aZuck, Roy B.